[Event "TCh-SCG"]
[Site "Petrovac SCG"]
[Date "2004.05.21"]
[Round "6"]
[White "Popadic,Dr"]
[Black "Ilic,D1"]
[Result "1-0"]
[WhiteElo "2292"]
[BlackElo "2352"]

1.e4 c5 2.Nf3 Nc6 3.Bb5 e6 4.Bxc6 bxc6 5.d3 d6 6.O-O e5 7.h3 Ne7 8.c3 f5
9.exf5 Nxf5 10.Re1 Be7 11.d4 exd4 12.cxd4 c4 13.Qa4 Qb6 14.Qxc4 d5 15.Qd3 O-O
16.Nc3 Bf6 17.Rd1 Nd6 18.Na4 Qa5 19.Nc5 Bf5 20.Qf1 Qb6 21.b3 Rae8 22.Bb2 Ne4
23.Rac1 Be7 24.Nxe4 dxe4 25.Ne5 c5 26.dxc5 Qh6 27.Qc4+ Be6 28.Qxe4 Bg5 29.Ng4 Qh4
30.Qd4 Re7 31.Rf1 Bxc1 32.Rxc1 Rd7 33.Qe3 Bxg4 34.hxg4 Qxg4 35.f3 Qg6 36.Qe2 h5
37.Be5 Rc8 38.b4 Qe6 39.f4 h4 40.Qc4 Rd5 41.Qb3 Kf7 42.Re1 Rd7 43.Qxe6+ Kxe6
44.Bd6+ Kd5 45.a4 a5 46.Re5+ Kd4 47.b5 Rf7 48.b6 g6  1-0

[Event "TCh-SCG"]
[Site "Petrovac SCG"]
[Date "2004.05.21"]
[Round "6"]
[White "Sedlak,N"]
[Black "Cabrilo,G"]
[Result "1-0"]
[WhiteElo "2519"]
[BlackElo "2487"]

1.e4 c5 2.Nf3 Nc6 3.Bb5 g6 4.Bxc6 dxc6 5.h3 Bg7 6.d3 e5 7.Be3 b6 8.Qd2 h6
9.Nc3 Ne7 10.a3 Be6 11.Nh2 Qd7 12.O-O g5 13.b4 c4 14.a4 cxd3 15.a5 b5 16.Bc5 Ng6
17.Rfd1 Bf8 18.Qe3 Bxc5 19.Qxc5 Rc8 20.Rxd3 Qe7 21.Rd6 O-O 22.Rad1 h5 23.Ne2 Rfe8
24.Ng3 Nf4 25.Qxe5 c5 26.Nf5 Bxf5 27.Qxf5 Qe5 28.Qxe5 Rxe5 29.Nf3 Rxe4 30.Nxg5 Rxb4
31.Rd7 Rd4 32.R1xd4 Ne2+ 33.Kf1 Nxd4 34.Rxa7 Nxc2 35.Rb7 Nd4 36.a6 Ra8 37.a7 Nc6
38.Rxb5 Rxa7 39.Rxc5 Ra5 40.Rxa5 Nxa5 41.h4 Kg7 42.Nh3 Nc6 43.Nf4 Kh6 44.Ke2 Nd4+
45.Kd3 Nf5 46.g3 Ng7 47.Ke4 f6 48.Kd5  1-0

[Event "TCh-SCG"]
[Site "Petrovac SCG"]
[Date "2004.05.21"]
[Round "6"]
[White "Stojanovic,Da"]
[Black "Nikcevic,N"]
[Result "1/2-1/2"]
[WhiteElo "2437"]
[BlackElo "2451"]

1.e4 c5 2.Nf3 Nc6 3.Bb5 Nf6 4.Nc3 g6 5.e5 Ng4 6.Bxc6 dxc6 7.h3 Nh6 8.g4 f5
9.g5 Nf7 10.d3 Be6 11.Qe2 Bg7 12.Bf4 Qa5 13.Bd2 O-O-O 14.a3 Qc7 15.O-O-O Bd5
16.Nxd5 cxd5 17.Bf4  1/2-1/2

[Event "TCh-NOR Final"]
[Site "Trondheim NOR"]
[Date "2004.05.21"]
[Round "3"]
[White "David,Ed"]
[Black "Steedman,J"]
[Result "1-0"]
[WhiteElo "2154"]
[BlackElo "2226"]

1.e4 c5 2.Nf3 Nc6 3.Bb5 g6 4.O-O Bg7 5.Re1 Nf6 6.e5 Nd5 7.Nc3 Nc7 8.Bxc6 dxc6
9.Ne4 Ne6 10.d3 O-O 11.Be3 b6 12.Qd2 Nd4 13.Nxd4 cxd4 14.Bh6 Qd5 15.Bxg7 Kxg7
16.Qg5 Qe6 17.f4 h6 18.Qh4 c5 19.Ng3 Bb7 20.Re2 Rae8 21.f5 Qc6 22.Rf1 Bc8
23.Qg4 Kh7 24.e6 g5 25.Qh5 Rd8 26.exf7 Qf6 27.Rxe7  1-0

[Event "Summer II"]
[Site "Alushta UKR"]
[Date "2004.05.23"]
[Round "3"]
[White "Kalugin,S"]
[Black "Kuzubov,Y"]
[Result "1/2-1/2"]
[WhiteElo "2454"]
[BlackElo "2475"]

1.e4 c5 2.Nf3 Nc6 3.Bb5 e6 4.O-O Nge7 5.Re1 a6 6.Bxc6 Nxc6 7.Nc3 Be7 8.d4 cxd4
9.Nxd4 O-O 10.Nxc6 dxc6 11.e5 c5 12.Qg4 Kh8 13.Rd1 Bd7 14.Ne4 Qc7 15.Bg5 Bc6
16.Bxe7 Qxe7 17.Rd6 c4 18.Rad1 Rac8 19.h3 Qc7 20.Qf4 Qb6 21.b3 Qa5 22.R6d4 Bxe4
23.Qxe4 b5 24.bxc4 bxc4 25.Rxc4 Qxa2 26.Rxc8 Rxc8 27.Qc6 Rg8 28.Qc7 a5 29.Qc3 Ra8  1/2-1/2

[Event "Victor Syre Open"]
[Site "Issy les Moulineaux FRA"]
[Date "2004.05.23"]
[Round "6"]
[White "Larrouy,N"]
[Black "Dussol,P"]
[Result "0-1"]
[WhiteElo "1939"]
[BlackElo "2226"]

1.e4 c5 2.Nf3 Nc6 3.Bb5 g6 4.Bxc6 bxc6 5.d3 Bg7 6.O-O d6 7.Re1 e5 8.Na3 Ne7
9.Nc4 O-O 10.Bg5 f6 11.Bh4 g5 12.Bg3 h5 13.h4 g4 14.Nh2 f5 15.f4 Be6 16.Rb1 Bh6
17.exf5 Nxf5 18.Nf1 Bxc4 19.dxc4 exf4 20.Bf2 g3 21.Qxh5 gxf2+ 22.Kxf2 Qxh4+
23.Qxh4 Nxh4 24.Re6 Bg7 25.Rxd6 Bd4+ 26.Ke2 Rfe8+ 27.Kd2 Be5 28.Rh6 Rad8+
29.Kc1 Bg7  0-1

[Event "Victor Syre Open"]
[Site "Issy les Moulineaux FRA"]
[Date "2004.05.23"]
[Round "6"]
[White "Hristodorescu,D"]
[Black "Belkhodja,S"]
[Result "0-1"]
[WhiteElo "2262"]
[BlackElo "2449"]

1.e4 c5 2.Nf3 Nc6 3.Bb5 d6 4.Bxc6+ bxc6 5.O-O e5 6.Re1 g5 7.d3 g4 8.Nfd2 Bg7
9.Nf1 Ne7 10.c3 h5 11.Na3 Be6 12.Be3 f5 13.exf5 Nxf5 14.Qa4 Qd7 15.Rad1 O-O
16.Ng3 Nxe3 17.fxe3 h4 18.Ne4 Bf5 19.Nc4 d5 20.Na5 Rac8 21.Nxc5 Qe7 22.Nab3 g3
23.h3 Bh6 24.e4 Bxh3 25.exd5 Qf7 26.Qe4 cxd5 27.Qe2 Qf2+  0-1

[Event "57th ch-RUS Qualifier"]
[Site "Tomsk RUS"]
[Date "2004.05.23"]
[Round "1"]
[White "Sherbakov,R"]
[Black "Filippov,Va"]
[Result "1/2-1/2"]
[WhiteElo "2564"]
[BlackElo "2639"]

1.e4 c5 2.Nf3 Nc6 3.Bb5 g6 4.O-O Bg7 5.Re1 e5 6.Bxc6 dxc6 7.d3 Bg4 8.Nbd2 Nf6
9.Nc4 Bxf3 10.Qxf3 Qc7 11.Bh6 O-O 12.Bxg7 Kxg7 13.Qe3 Nd7 14.c3 Rfd8 15.Rad1 b5
16.Nd2 Qd6 17.Nf3 Qf6 18.h3 Qf4 19.Qe2 a6 20.b4 cxb4 21.cxb4 a5 22.a3 axb4
23.axb4 Qf6 24.d4 Re8 25.dxe5  1/2-1/2

[Event "Summer II"]
[Site "Alushta UKR"]
[Date "2004.05.24"]
[Round "4"]
[White "Hasangatin,R"]
[Black "Kononenko,Dmitry1"]
[Result "1-0"]
[WhiteElo "2503"]
[BlackElo "2457"]

1.e4 c5 2.Nf3 Nc6 3.Bb5 d6 4.c3 Bd7 5.d4 cxd4 6.cxd4 e5 7.Nc3 Nf6 8.O-O Be7
9.Bg5 exd4 10.Nxd4 O-O 11.Bxc6 bxc6 12.Qd2 Ng4 13.Bxe7 Qxe7 14.Rad1 Rfd8
15.Rfe1 Rab8 16.b3 Nf6 17.Re3 c5 18.Nde2 Bc6 19.Nf4 Rd7 20.Rde1 g6 21.h3 Rbd8
22.Rf3 Qf8 23.Nfd5 Bxd5 24.exd5 Ne8 25.Ne4 h6 26.Rfe3 f5 27.Nc3 Nc7 28.Qe2 Rf7
29.Qc4 f4 30.Re4 f3 31.g3 a6 32.Qd3 g5 33.R1e3 Qg7 34.Rxf3 Rxf3 35.Qxf3 Re8
36.Kg2 Re5 37.Qg4 Ne8 38.Rxe5 Qxe5 39.Qe4 Qxe4+ 40.Nxe4 Kf7 41.f4 gxf4 42.gxf4 Ke7
43.Kf3 Nc7 44.Nc3 Kf6 45.Ke4 Kg6 46.a4 Ne8 47.Kf3 Nf6 48.Ne4 Ne8 49.Kg4 h5+
50.Kf3 Kf5 51.Ng3+ Kg6 52.Nf1 Kf6 53.Ne3 Kg6 54.Nc4 Kf5 55.Ke3 Kg6 56.Kf3 Kf5
57.Ne3+ Kg6 58.Ke4 Ng7 59.Kd3 Kf6 60.Kc4 Nf5 61.Nxf5 Kxf5 62.b4 cxb4 63.Kxb4 Kxf4
64.Ka5 Kg3 65.Kxa6 Kxh3 66.Kb6 Kg4 67.a5 h4 68.a6 h3 69.a7 h2 70.a8=Q h1=Q
71.Qg8+ Kf4 72.Qe6 Qg1+ 73.Kc6 Qc5+ 74.Kd7 Kf3 75.Qxd6 Qa7+ 76.Ke6 Kg2 77.Qe5 Qa2
78.Ke7 Qa7+ 79.Kf6 Qf2+ 80.Kg6 Qc2+ 81.Qf5 Qc5 82.Qe4+ Kh2 83.Qf4+ Kh1 84.d6 Qc2+
85.Kf6 Qf2 86.Kf5 Qb2 87.Ke6 Qa2+ 88.Ke7 Qa3 89.Qe4+ Kh2 90.Qe5+ Kh1 91.Qd5+ Kh2
92.Kf6 Qa6 93.Kg5 Qe2 94.d7 Qe7+ 95.Kg6 Qd8 96.Qd6+ Kg1 97.Kf7  1-0

[Event "5th IECC"]
[Site "Antalya TUR"]
[Date "2004.05.24"]
[Round "9"]
[White "Soylu,S"]
[Black "Yeke,S"]
[Result "1-0"]
[WhiteElo "2397"]
[BlackElo "2238"]

1.e4 c5 2.Nf3 Nc6 3.Bb5 g6 4.O-O Bg7 5.c3 Nf6 6.Re1 O-O 7.h3 a6 8.Bxc6 bxc6
9.d4 cxd4 10.cxd4 d5 11.e5 Ne4 12.Nbd2 c5 13.dxc5 Nxc5 14.Nb3 Nxb3 15.Qxb3 e6
16.Bg5 f6 17.exf6 Bxf6 18.Bxf6 Qxf6 19.Rac1 Ra7 20.Qe3 Rb7 21.b3 Rb4 22.Rc7 Re4
23.Qc5 Rxe1+ 24.Nxe1 Qd8 25.Nf3 e5 26.Nxe5 Be6 27.Re7 Qc8 28.Nc6 Rf7 29.Qd6 Qxc6
30.Qxc6 Rxe7 31.Qxa6 Bf7 32.Qd6 Re6 33.Qd8+ Re8 34.Qf6 Ra8 35.Qb2 Rd8 36.Qd4 Re8
37.f3 Re2 38.a4 Ra2 39.Qb6 Rd2 40.a5  1-0

[Event "57th ch-RUS Qualifier"]
[Site "Tomsk RUS"]
[Date "2004.05.24"]
[Round "2"]
[White "Rublevsky,S"]
[Black "Sherbakov,R"]
[Result "1-0"]
[WhiteElo "2671"]
[BlackElo "2564"]

1.e4 c5 2.Nf3 Nc6 3.Bb5 e6 4.O-O Nge7 5.c3 a6 6.Ba4 b5 7.Bc2 Bb7 8.Qe2 c4
9.b3 d5 10.exd5 Nxd5 11.bxc4 Nf4 12.Qe3 Bd6 13.d4 bxc4 14.Nbd2 Nd5 15.Qe1 Nxc3
16.Nxc4 Bb4 17.Bg5 Qc7 18.Bb3 Nd5 19.Qe4 h6 20.Bh4 Qf4 21.Qxf4 Nxf4 22.Rab1 Rb8
23.a3 g5 24.Bg3 Be7 25.Bxf4 gxf4 26.Nce5 O-O 27.Nd7 Na5 28.Nxb8 Bxf3 29.gxf3 Rxb8
30.Ba2 Rd8 31.Rfd1 Bxa3 32.d5 e5 33.Rb6 Rd6 34.Rdb1 Kf8 35.Rxd6 Bxd6 36.Rb6 Ke7
37.Rxa6  1-0

[Event "57th ch-RUS Qualifier"]
[Site "Tomsk RUS"]
[Date "2004.05.25"]
[Round "3"]
[White "Nazarov,N"]
[Black "Iskusnyh,S"]
[Result "0-1"]
[WhiteElo "2256"]
[BlackElo "2507"]

1.e4 c5 2.Nf3 Nc6 3.Bb5 g6 4.O-O Bg7 5.c3 Nf6 6.Re1 O-O 7.d3 d6 8.Nbd2 e5
9.a4 Ne8 10.Bc4 Nc7 11.Nf1 Kh8 12.Ng5 Qe7 13.f4 Ne6 14.Nxe6 fxe6 15.fxe5 Nxe5
16.Bb3 Qh4 17.Qe2 Nxd3 18.Bg5 Qxg5 19.Qxd3 Be5 20.Nd2 Bxh2+ 21.Kxh2 Rf2 22.Qg3 Qxg3+
23.Kxg3 Rxd2 24.Rab1 Kg7 25.Red1 Rxd1 26.Rxd1 Kf6 27.Rxd6 Ke7 28.Rd2 Bd7
29.Kf4 Rf8+ 30.Ke5 Rf1 31.g4 Rh1 32.Rd6 Re1 33.Bxe6 Rxe4+ 34.Kxe4 Kxd6 35.Bxd7 Kxd7
36.g5 Ke6 37.c4 a5 38.b3 b6 39.Kf4 Kf7 40.Ke5 Kg7 41.Kd6 h5 42.gxh6+ Kxh6
43.Kc6 g5 44.Kxb6 g4 45.Kxa5 g3 46.Kb6 g2 47.a5 g1=Q 48.a6 Qe3  0-1

[Event "2nd Leonine GM"]
[Site "Dhaka BAN"]
[Date "2004.05.27"]
[Round "10"]
[White "Sandipan,C"]
[Black "Hossain,Enam"]
[Result "1/2-1/2"]
[WhiteElo "2561"]
[BlackElo "2436"]

1.e4 c5 2.Nf3 Nc6 3.Bb5 g6 4.c3 Nf6 5.e5 Nd5 6.O-O Nc7 7.Ba4 Bg7 8.d4 cxd4
9.cxd4 O-O 10.h3 d6 11.Bf4 dxe5 12.dxe5 Ne6 13.Bg3 Ned4 14.Nxd4 Nxd4 15.Nc3 Be6
16.f4 f6 17.Qe1 Bd7 18.Bxd7 Qxd7 19.Rd1 f5 20.Qf2 Rad8 21.Bh4  1/2-1/2

[Event "57th ch-RUS Qualifier"]
[Site "Tomsk RUS"]
[Date "2004.05.27"]
[Round "5"]
[White "Kobalia,M"]
[Black "Yagupov,I"]
[Result "1/2-1/2"]
[WhiteElo "2630"]
[BlackElo "2441"]

1.e4 c5 2.Nf3 Nc6 3.Bb5 g6 4.O-O Bg7 5.c3 Nf6 6.Re1 O-O 7.h3 e5 8.d4 cxd4
9.cxd4 Nxd4 10.Nxd4 exd4 11.Qxd4 d5 12.e5 Ne4 13.Nd2 Bf5 14.Nf3 Be6 15.Bf4 h6
16.Qe3 g5 17.Bh2 Qb6 18.Nd4 Rfd8 19.f3 Nc5 20.Rad1 Bf8 21.Kh1 Bd7 22.Bxd7 Rxd7
23.Bg1 Ne6 24.Qd3 Nf4 25.Qb1 Qg6 26.Qxg6+ Nxg6 27.e6 fxe6 28.Nxe6 Bb4 29.Re3 Re8
30.a3 Bf8 31.Nxf8 Rxf8 32.g3 Rf6 33.Kg2 a6 34.Red3 Rc6 35.R1d2 Kf7 36.Bd4 Ne7
37.Bc3 Rc4 38.Kf2 Ke6 39.Re2+ Kf7 40.Red2 Ke6 41.b3 Rc8 42.Bg7 Kf7 43.Bb2 Rdc7
44.g4 Rc2 45.Ke3 b5 46.f4 gxf4+ 47.Kxf4 R8c6 48.Kg3 Kg6 49.Rxc2 Rxc2 50.Be5 Rc6
51.Bc3 Re6 52.Bb4 Nc6 53.Rxd5 Nxb4 54.axb4 Re3+ 55.Kh4 Re6 56.Rc5 Rd6 57.Re5 Kf6
58.Re3 Kg6 59.Kg3 h5 60.Kf4 hxg4 61.hxg4 Rd4+ 62.Re4 Rd3 63.Re6+ Kf7 64.Rxa6 Rxb3
65.Kf5 Rxb4 66.Ra7+ Kg8 67.Rb7 Ra4 68.Kg5 Ra6 69.Kh5 Rc6 70.g5 Ra6 71.Rb8+ Kh7
72.Rb7+ Kg8 73.g6 Ra1  1/2-1/2

[Event "Summer II"]
[Site "Alushta UKR"]
[Date "2004.05.28"]
[Round "9"]
[White "Itkis,B"]
[Black "Onoprienko,V"]
[Result "1/2-1/2"]
[WhiteElo "2436"]
[BlackElo "2374"]

1.e4 c5 2.Nf3 Nc6 3.Bb5 d6 4.O-O Bg4 5.h3 Bh5 6.c3 e6 7.d4 cxd4 8.cxd4 a6
9.Bxc6+ bxc6 10.Qa4 Qd7 11.Nbd2 Nf6 12.Re1 Be7 13.b3 O-O 14.Ba3 Rfb8 15.Rac1 Rb5
16.e5 Nd5 17.Qc4 Rc8 18.Bxd6 Bxd6 19.exd6 Bxf3 20.Nxf3 Qxd6 21.Ne5 Ne7 22.Re2 a5
23.Qc3 Rd5 24.Nf3 Rb8 25.Re5 Rbb5 26.Rce1 h6 27.Rxd5 Nxd5 28.Qc4 Nb4 29.Qe2 Rf5
30.Rc1 g5  1/2-1/2

[Event "5th IECC"]
[Site "Antalya TUR"]
[Date "2004.05.28"]
[Round "12"]
[White "Yilmaz,T"]
[Black "Chatalbashev,B"]
[Result "0-1"]
[WhiteElo "2311"]
[BlackElo "2543"]

1.e4 c5 2.Nf3 Nc6 3.Bb5 g6 4.Bxc6 bxc6 5.h3 Bg7 6.O-O d6 7.Qe2 e5 8.c3 a5
9.Rd1 Ba6 10.d3 Ne7 11.Qc2 f5 12.d4 fxe4 13.Qxe4 cxd4 14.cxd4 d5 15.Qg4 Be2
16.Re1 Bxf3 17.Qxf3 e4 18.Qc3 O-O 19.Na3 c5 20.Be3 Rc8 21.Qd2 Qb6 22.Nc2 c4
23.Rab1 Nc6 24.Red1 Rf7 25.b3 c3 26.Qxc3 Na7 27.Qb2 Nb5 28.Rd2 Rfc7 29.Na3 Nd6
30.Rc2 Nf5 31.Rxc7 Rxc7 32.Rd1 Nxe3 33.fxe3 Bh6 34.Re1 Bg5 35.Qf2 Rf7 36.Qg3 Qf6
37.Rc1 Bh4 38.Qe5 Bf2+ 39.Kh2 Qxe5+ 40.dxe5 Bxe3 41.Rc8+ Rf8 42.Rxf8+ Kxf8
43.Kg3 Ke7 44.Nc2 Bg1 45.Kf4 Ke6 46.b4 axb4 47.Nxb4 g5+ 48.Kxg5 d4 49.a4 d3
50.Na2 e3  0-1

[Event "57th ch-RUS Qualifier"]
[Site "St Petersburg RUS"]
[Date "2004.05.28"]
[Round "7"]
[White "Shaposhnikov,E"]
[Black "Ionov,S"]
[Result "1/2-1/2"]
[WhiteElo "2559"]
[BlackElo "2538"]

1.e4 c5 2.Nf3 Nc6 3.Bb5 g6 4.O-O Bg7 5.Nc3 e5 6.Bxc6 bxc6 7.a3 a5 8.b3 Ne7
9.d3 d6 10.Bb2 O-O 11.Nd2 f5 12.exf5 Nxf5 13.Nce4 Kh8 14.a4 Ra7 15.Kh1 Nd4
16.Bc3 Qe7 17.Rc1 d5 18.Ng3 Qh4 19.Qe1 g5 20.f3 Qh6 21.Rf2 Qg6 22.Ndf1 Raf7
23.Bxa5 g4 24.Bb6 Ne6 25.Nd2 h5 26.Ne2 h4 27.Rf1 h3 28.Rg1 Qh6 29.Ng3 hxg2+
30.Rxg2 gxf3 31.Rf2 e4 32.dxe4 Bd4 33.Nf5 Bxf2 34.Nxh6 Bxe1 35.Nxf7+ Rxf7
36.Rxe1 f2 37.Rf1 Ba6 38.c4 dxc4 39.bxc4 Kh7 40.a5 Kg6 41.Kg2 Rd7 42.Rxf2 Rd4
43.Kg3 Ng5 44.h4 Nxe4+ 45.Nxe4 Rxe4 46.Rf4 Rxf4 47.Kxf4 Kh5 48.Kg3 Bxc4 49.Bxc5 Ba6
50.Bf2 Bb5 51.Kf4 c5 52.Ke5 c4 53.Kd4 Ba6 54.Be1 Kg4  1/2-1/2

[Event "57th ch-RUS Qualifier"]
[Site "Tomsk RUS"]
[Date "2004.05.28"]
[Round "6"]
[White "Kornev,Alexe"]
[Black "Khairullin,I"]
[Result "1/2-1/2"]
[WhiteElo "2582"]
[BlackElo "2481"]

1.e4 c5 2.Nf3 Nc6 3.Bb5 e6 4.O-O Nge7 5.Re1 a6 6.Bxc6 Nxc6 7.d4 cxd4 8.Nxd4 Qc7
9.Nc3 Bd6 10.Nd5 exd5 11.exd5+ Ne5 12.f4 O-O 13.fxe5 Bxe5 14.Nf3 Bf6 15.Bg5 Bxb2
16.Rb1 Ba3 17.Qd3 Bc5+ 18.Kh1 f6 19.Be3 d6 20.Bxc5 Qxc5 21.Re7 b5 22.Nd2 Ra7
23.Ne4 Qb6 24.Rxa7 Qxa7 25.Nxd6 Bd7 26.Qe4 Qc7 27.Qe7 Qd8 28.Re1 b4 29.h3 Qxe7
30.Rxe7 Ba4 31.Nb7 Rf7 32.Rxf7 Kxf7 33.d6 Ke8 34.Nc5 Bxc2 35.Nxa6 Kd7 36.Nxb4 Be4  1/2-1/2

[Event "57th ch-RUS Qualifier"]
[Site "Tomsk RUS"]
[Date "2004.05.29"]
[Round "7"]
[White "Novikov,Ma"]
[Black "Iskusnyh,S"]
[Result "0-1"]
[WhiteElo "2426"]
[BlackElo "2507"]

1.e4 c5 2.Nf3 Nc6 3.Bb5 g6 4.O-O Bg7 5.Re1 Nf6 6.c3 O-O 7.h3 e5 8.d4 cxd4
9.cxd4 Nxd4 10.Nxd4 exd4 11.Qxd4 d5 12.e5 Ne4 13.Nd2 Ng5 14.Nb3 Ne6 15.Qb4 f6
16.exf6 Qxf6 17.Be3 Nc7 18.Re2 a5 19.Qc5 Qd8 20.Rd1 b6 21.Qc6 Rf6 22.Bxb6 Rxc6
23.Bxc6 Ra6 24.Bxd5+ Qxd5 25.Rxd5 Nxd5 26.Bxa5 Kf7 27.Rc2 Be6 28.Kf1 Nf4
29.Rc7+ Kg8 30.Bd2 Be5 31.Rc5 Nd3 32.Ra5 Rxa5 33.Bxa5 Bxb2 34.Bd2 Bc4 35.Kg1 Ba3  0-1

[Event "TCh-BIH"]
[Site "Neum BIH"]
[Date "2004.05.30"]
[Round "2"]
[White "Stojanovic,Da"]
[Black "Feletar,D"]
[Result "1-0"]
[WhiteElo "2437"]
[BlackElo "2395"]

1.e4 c5 2.Nf3 Nc6 3.Bb5 d6 4.c3 Nf6 5.Qe2 e5 6.d4 Qc7 7.dxe5 dxe5 8.h3 Bd7
9.O-O Be7 10.Bg5 a6 11.Bc4 h6 12.Bxf6 Bxf6 13.Rd1 Ne7 14.Nbd2 Ng6 15.Nf1 Nf4
16.Qc2 b5 17.Bd5 Rd8 18.Ne3 O-O 19.c4 Qc8 20.cxb5 axb5 21.Rac1 c4 22.b3 Bxh3
23.gxh3 Qxh3 24.Ne1 Qh5 25.N3g2 cxb3 26.Qxb3 Ne2+ 27.Kf1 Nxc1 28.Rxc1 Qh1+
29.Ke2 h5 30.Rc7 Rxd5 31.exd5 h4 32.Rc3 Ra8 33.d6 e4 34.Rh3 Qg1 35.Qd5 Rd8
36.d7 Kf8 37.Qxb5 g5 38.Qf5 Bd4 39.Ne3 Ra8 40.Qxe4 Rxa2+ 41.N1c2 Bf6 42.Rh1  1-0

[Event "57th ch-RUS Qualifier"]
[Site "St Petersburg RUS"]
[Date "2004.05.30"]
[Round "9"]
[White "Belov,Vl"]
[Black "Dobrov,V"]
[Result "1-0"]
[WhiteElo "2543"]
[BlackElo "2477"]

1.e4 c5 2.Nf3 Nc6 3.Bb5 e6 4.Bxc6 bxc6 5.b3 f6 6.Nh4 g6 7.Bb2 e5 8.f4 exf4
9.O-O Qc7 10.Na3 Ba6 11.c4 Bg7 12.d4 cxd4 13.Qxd4 Nh6 14.Rad1 Ng4 15.Nc2 Qb6
16.Rxf4 Ne5 17.Rf2 c5 18.Qd2 O-O 19.Ne3 Qe6 20.Nd5 Rac8 21.Nf3 Ng4 22.Re2 Bh6
23.Qa5 Bb7 24.h3 Ne5 25.Bxe5 fxe5 26.Qxa7 Bxd5 27.exd5 Qd6 28.Qa5 e4 29.Nh2 Rf4
30.Rf1 Qe5 31.Qe1 Rcf8 32.Rxf4 Rxf4 33.g3 Rf7 34.Rxe4 Qf5 35.Ng4 Bg7 36.Re8+ Rf8
37.Rxf8+ Qxf8 38.Kg2 h5 39.Nh2 Qf5 40.Nf3 g5 41.Qe8+ Bf8 42.Qe2 Bd6 43.Qd2 Be7
44.Qe2 Bf6 45.Ne1 g4 46.hxg4 hxg4 47.Nd3 Bd4 48.Nf4  1-0

[Event "3rd ACP Blitz Prelim1"]
[Site "playchess.com INT"]
[Date "2004.05.31"]
[Round "4"]
[White "Baklan,V"]
[Black "Atarov,E"]
[Result "1/2-1/2"]
[WhiteElo "2615"]
[BlackElo "2138"]

1.e4 c5 2.Nf3 Nc6 3.Bb5 g6 4.O-O Bg7 5.c3 Nf6 6.Re1 O-O 7.h3 Qb6 8.Na3 a6
9.Ba4 Qc7 10.d4 cxd4 11.cxd4 d5 12.e5 Ne4 13.Bc2 Bf5 14.Nh4 Be6 15.Be3 Rfd8
16.Rc1 Qa5 17.Nf3 Rac8 18.Ng5 Nxg5 19.Bxg5 Qb4  1/2-1/2

[Event "3rd ACP Blitz Prelim1"]
[Site "playchess.com INT"]
[Date "2004.05.31"]
[Round "21"]
[White "Lobron,E"]
[Black "Baklan,V"]
[Result "0-1"]
[WhiteElo "2493"]
[BlackElo "2615"]

1.Nf3 c5 2.e4 Nc6 3.Bb5 g6 4.Bxc6 bxc6 5.O-O Bg7 6.Re1 f6 7.c3 Nh6 8.d4 cxd4
9.cxd4 O-O 10.Nc3 Nf7 11.h3 d6 12.b3 Qa5 13.Bb2 Qh5 14.Ne2 g5 15.Ng3 Qg6
16.Rc1 Bd7 17.e5 fxe5 18.dxe5 g4 19.hxg4 Bxg4 20.Rxc6 Bxf3 21.Qxf3 Nxe5 22.Qd5+ e6
23.Qxd6 Nxc6 24.Bxg7 Qxg7 25.Qxe6+ Qf7  0-1

[Event "57th ch-RUS Qualifier"]
[Site "Tomsk RUS"]
[Date "2004.05.31"]
[Round "9"]
[White "Novikov,Ma"]
[Black "Maletin,P"]
[Result "0-1"]
[WhiteElo "2426"]
[BlackElo "2423"]

1.e4 c5 2.Nf3 Nc6 3.Bb5 g6 4.O-O Bg7 5.c3 Nf6 6.Re1 O-O 7.d4 d5 8.e5 Ne4
9.Nbd2 cxd4 10.cxd4 Bd7 11.Bd3 Nxd2 12.Bxd2 Bg4 13.Bc3 Qb6 14.h3 Bxf3 15.Qxf3 e6
16.Rad1 f6 17.exf6 Rxf6 18.Qe3 Raf8 19.Be2 Kh8 20.Bg4 Rxf2 21.Bf3 Rc2 22.Qd3 Rxb2
23.Bxb2 Qxb2 24.Rxe6 Nxd4 25.Ree1 Qxa2 26.Rf1 Qc4 27.Qa3 Qc7 28.Bg4 Rxf1+
29.Rxf1 h5 30.Bd1 Nf5 31.Rf3 Qe5 32.Qd3 Qe1+ 33.Rf1 Qe6 34.g3 Bd4+ 35.Kh2 Be5
36.Re1 h4 37.Kg2 hxg3 38.Bg4 Nh4+ 39.Kg1 Qf6 40.Qd2 Bd4+ 41.Kh1 g2+ 42.Kh2 Qd6+  0-1

[Event "Summer II"]
[Site "Alushta UKR"]
[Date "2004.06.01"]
[Round "13"]
[White "Hasangatin,R"]
[Black "Kuzubov,Y"]
[Result "1/2-1/2"]
[WhiteElo "2503"]
[BlackElo "2475"]

1.e4 c5 2.Nf3 Nc6 3.Bb5 g6 4.O-O Bg7 5.c3 a6 6.Bxc6 dxc6 7.d4 cxd4 8.cxd4 Bg4
9.Be3 Bxf3 10.Qxf3 Bxd4 11.Nc3 e5 12.Rad1 Qf6 13.Qxf6 Nxf6 14.Bxd4 exd4 15.Rxd4 Rd8
16.Rxd8+ Kxd8 17.e5 Nd7 18.f4 Ke7 19.Kf2 Rd8 20.Rd1 f6 21.exf6+  1/2-1/2

[Event "TCh-BIH"]
[Site "Neum BIH"]
[Date "2004.06.01"]
[Round "4"]
[White "Cabrilo,G"]
[Black "Hadzic,A"]
[Result "1-0"]
[WhiteElo "2487"]
[BlackElo "2145"]

1.e4 c5 2.Nf3 Nc6 3.Bb5 g6 4.O-O Bg7 5.c3 Nf6 6.Re1 O-O 7.h3 Qb6 8.Ba4 Rd8
9.d3 d6 10.Bc2 h6 11.Nbd2 Be6 12.Nf1 Rac8 13.Ne3 Qc7 14.c4 b5 15.Nd5 Qb7
16.Rb1 bxc4 17.dxc4 Nb4 18.Bb3 Re8 19.Bd2 Nc6 20.Bc3 Nh5 21.Ba4 Red8 22.Bxc6 Rxc6
23.Qc2 Rd7 24.b3 Rc8 25.Re2 g5 26.Rbe1 Bxc3 27.Qxc3 f6 28.Nh2 Kf7 29.Qf3 Ng7
30.Nf1 h5 31.Nfe3 Kg6 32.g4 Bf7 33.Nf5 Ne6 34.Nfxe7+ Rxe7 35.Qxf6+ Kh7 36.Nxe7 Rf8
37.Nf5 Qd7 38.Qh6+ Kg8 39.e5  1-0

[Event "TCh-BIH"]
[Site "Neum BIH"]
[Date "2004.06.01"]
[Round "4"]
[White "Leventic,I"]
[Black "Fedorov,Alex"]
[Result "0-1"]
[WhiteElo "2485"]
[BlackElo "2616"]

1.e4 c5 2.Nf3 Nc6 3.Bb5 e6 4.O-O Nge7 5.Re1 a6 6.Bxc6 Nxc6 7.d4 cxd4 8.Nxd4 d6
9.Nc3 Be7 10.Nxc6 bxc6 11.Qg4 Kf8 12.e5 d5 13.Bd2 Rb8 14.Na4 c5 15.b3 h5
16.Qe2 h4 17.h3 f5 18.exf6 gxf6 19.c4 d4 20.Bf4 Rb7 21.Qf3 Kf7 22.Re2 d3
23.Rd2 Rd7 24.Rad1 Bb7 25.Qe3 Qg8 26.f3 e5 27.Bh2 Qg6 28.Rxd3 Rd4 29.Rxd4 cxd4
30.Qe2 Rg8 31.Kf1 e4 32.fxe4 Bxe4 33.Rd2 Bxg2+ 34.Qxg2 Qb1+ 35.Kf2 Rxg2+
36.Kxg2 Qe4+ 37.Kf1 Bb4  0-1

[Event "TCh-BIH"]
[Site "Neum BIH"]
[Date "2004.06.01"]
[Round "4"]
[White "Stojanovic,Da"]
[Black "Kozul,Z"]
[Result "1/2-1/2"]
[WhiteElo "2437"]
[BlackElo "2627"]

1.e4 c5 2.Nf3 Nc6 3.Bb5 a6 4.Bxc6 dxc6 5.d3 Qc7 6.a4 a5 7.Na3 e5 8.Nc4 Bd6
9.O-O Ne7 10.Nh4 Be6 11.b3 Ng6 12.Nf5 Bf8 13.Bd2 b6 14.Qf3 h5 15.h4 O-O-O
16.Rfe1 Kb7 17.Qg3 Ka6 18.Reb1 Bxc4 19.bxc4 Nf4 20.Qf3 Ne6 21.Rb2 g6 22.Ne3 Nd4
23.Qh3 Be7 24.Rab1 Rb8 25.Nf1 Qc8 26.Qxc8+ Rhxc8 27.g3 f5 28.c3 Nf3+ 29.Kg2 Nxd2
30.Rxd2 fxe4 31.dxe4 Rd8 32.Kf3 g5 33.hxg5 Bxg5 34.Rxd8 Rxd8 35.Ke2 h4 36.gxh4 Bxh4
37.Ne3 Bg5 38.Rg1 Bf4 39.Rg6 Kb7 40.Rg7+  1/2-1/2

[Event "TCh-BIH"]
[Site "Neum BIH"]
[Date "2004.06.01"]
[Round "4"]
[White "Shirov,A"]
[Black "Perunovic,Mil"]
[Result "1/2-1/2"]
[WhiteElo "2713"]
[BlackElo "2557"]

1.e4 c5 2.Nf3 Nc6 3.Bb5 g6 4.Bxc6 dxc6 5.d3 Bg7 6.h3 Nf6 7.Nc3 O-O 8.Be3 b6
9.Qd2 e5 10.Bh6 Qd6 11.Bxg7 Kxg7 12.O-O-O a5 13.Ne2 a4 14.g4 b5 15.Ng3 b4
16.Qg5 Re8 17.Nd2 h6 18.Qe3 Qd4 19.Qxd4 cxd4 20.Ne2 Be6 21.a3 bxa3 22.bxa3 Nd7
23.f4 f6 24.f5 gxf5 25.exf5 Bd5 26.Rhg1 Rab8 27.h4 Kf7 28.c4 dxc3 29.Nxc3 Nc5
30.Nce4 Bxe4 31.Nxe4 Nb3+ 32.Kb2 Nc5+ 33.Kc2 Nxe4 34.dxe4 Red8 35.Rxd8 Rxd8
36.g5 hxg5 37.hxg5 fxg5 38.Rxg5 Rd4 39.Rg4 c5 40.Kc3 Kf6 41.Rg6+  1/2-1/2

[Event "3rd ACP Blitz Prelim2"]
[Site "playchess.com INT"]
[Date "2004.06.01"]
[Round "6"]
[White "Zarnicki,P"]
[Black "Avrukh,B"]
[Result "1-0"]
[WhiteElo "2521"]
[BlackElo "2620"]

1.e4 c5 2.Nf3 Nc6 3.Bb5 Qb6 4.Nc3 e6 5.O-O Nge7 6.Re1 a6 7.Bf1 Ng6 8.b3 Be7
9.Bb2 O-O 10.d4 cxd4 11.Na4 Qc7 12.Nxd4 b5 13.Nxc6 Qxc6 14.Nc3 Bb7 15.Qd3 Rac8
16.Rad1 Rfd8 17.Qg3 Bh4 18.Qe3 Bf6 19.Rd3 Ne5 20.Nd5 exd5 21.Bxe5 dxe4 22.Rd6 Bxe5
23.Rxc6 Bxc6 24.g3 d5 25.Qa7 Ra8 26.Qb6 Be8 27.c4 Rab8 28.Qxa6 bxc4 29.bxc4 Bd4
30.cxd5 Rb2 31.Re2 Rb1 32.Rxe4 Bf6 33.Kg2 h5 34.a4 Bd7 35.Qe2 h4 36.gxh4 Rb2
37.Qe3 Rbb8 38.Bb5 Bf5 39.Re8+ Rxe8 40.Bxe8 Rd8 41.Bc6 Rb8 42.a5 Rb4 43.h3 Rxh4
44.a6 Bxh3+ 45.Kg3 Bf5 46.a7 Rh3+ 47.Kg2 Rxe3 48.a8=Q+ Kh7 49.fxe3 Be4+ 50.Kf2 Be5
51.Qe8 f6 52.Qh5+ Kg8 53.Be8 Bxd5 54.Bg6 Kf8 55.Qh8+ Ke7 56.Qxg7+ Kd6 57.Bf7 Bc6
58.Qf8+ Kc7 59.Be8 Bd5 60.Qe7+ Kb6 61.Qd7 Kc5 62.Qb5+ Kd6 63.Qb6+ Ke7 64.Bc6 Be6
65.Qc5+ Bd6 66.Qa7+ Kd8 67.Qb7 Be5 68.Bd5 Bd7 69.Qb6+ Ke7 70.Qa7 Kd6 71.Be4 Be6
72.Qb8+ Ke7 73.Qb7+ Kd6 74.Qc6+ Ke7 75.Ke2 Bd6 76.Kd3 Be5 77.Bd5 Bd7 78.Qb7 Kd6
79.Kc4 Be8 80.Qb8+ Ke7 81.Qb7+ Kd6 82.e4 Bd7 83.Qb4+ Kc7 84.Qf8 Bc8 85.Kc5 Bb2
86.Qe7+ Bd7 87.Kc4 Be5 88.Be6  1-0

[Event "3rd ACP Blitz Prelim2"]
[Site "playchess.com INT"]
[Date "2004.06.01"]
[Round "9"]
[White "Fressinet,L"]
[Black "Shomoev,A"]
[Result "1-0"]
[WhiteElo "2638"]
[BlackElo "2487"]

1.e4 c5 2.Nf3 Nc6 3.Bb5 g6 4.O-O Bg7 5.c3 Nf6 6.e5 Nd5 7.d4 cxd4 8.cxd4 O-O
9.Nc3 Nc7 10.Re1 Nxb5 11.Nxb5 a6 12.Nc3 d6 13.exd6 exd6 14.Bg5 Qa5 15.d5 Ne5
16.Nxe5 dxe5 17.Be7 Re8 18.d6 Be6 19.Qf3 Bf8 20.Bxf8 Rxf8 21.Qf6 Rad8 22.Rad1 Qb4
23.Qxe5 Qxb2 24.Rb1 Qd2 25.Ne4  1-0